000 00761cam a2200277 4500
001 J63945
008 000000n2001 000 0 eng u
035 _a(Sirsi) u111673
050 _a329.03
110 _aRoyal Institution of Chartered Surveyors
_94900
245 _aRICS manifesto election 2001
260 _aLondon
_bRICS
_c2001
300 _a11p. ; 43cm.
505 _aProdued by the RICS Policy Unit. For more information Email [email protected]
650 _aRICS MANIFESTO
650 _aGENERAL ELECTION
650 _aECONOMY
650 _aTRANSPORT
650 _aRURAL ECONOMY
650 _aFARMING
650 _aHOUSING
650 _aPLANNING
690 _aECONOMIC ISSUES
856 _uhttps://www.ricsonline.org
942 _n0
999 _c101276
_d101276